Λαογραφικά ζητήματα
Saved in:
| Main Author: | |
|---|---|
| Format: | Book |
| Language: | Greek |
| Published: |
Αθήνα :
Χ. Μπούρας,
1989
|
| Subjects: | |
| Tags: |
Add Tag
No Tags, Be the first to tag this record!
|
MARC
| LEADER | 00000nam a2200000 i 4500 | ||
|---|---|---|---|
| 001 | 1/82017 | ||
| 008 | 960902s1989 gre d | ||
| 035 | |a 1995 |b 1 |c Αναγνωστοπούλου |l 10033837 | ||
| 040 | |a GR-MY-UA |b gre |e aacr | ||
| 041 | 0 | |a gre | |
| 082 | 0 | |a 398.09595 | |
| 100 | 1 | |a Μερακλής, Μιχάλης Γ., |d 1932- | |
| 245 | 1 | 0 | |a Λαογραφικά ζητήματα / |c Μ. Γ. Μερακλής |
| 260 | |a Αθήνα : |b Χ. Μπούρας, |c 1989 | ||
| 300 | |a 287 σ. | ||
| 650 | 0 | 0 | |a Folklore |z Greece. |
| 852 | |a INST |b RHODES |e 19960902 |h 398.09495 ΜΕΡ |p 005400011231 |q 005400011231 |t BK |y 0 | ||
| 909 | |a Ρ |b 040603 |c 1995 | ||